[Event "LIB-chT"]
[Site "Beirut"]
[Date "2025.01.13"]
[Round "6.2"]
[White "Shamieh, Jamal"]
[Black "Braidy, Mohamad"]
[Result "1-0"]
[WhiteElo "2014"]
[BlackElo "1725"]
[PlyCount "70"]
[EventDate "2025.01.09"]
[EventType "team-tourn"]
[EventRounds "9"]
[EventCountry "LBN"]
[SourceTitle "CB12_2025"]
[SourceDate "2025.03.19"]
[SourceVersion "1"]
[SourceVersionDate "2025.03.19"]
[SourceQuality "1"]
[WhiteTeam "Army"]
[BlackTeam "Sanabel"]
[WhiteTeamCountry "LBN"]
[BlackTeamCountry "LBN"]

1. Nf3 d5 2. d3 Nf6 3. g3 Bg4 4. Bg2 c6 5. Nbd2 Nbd7 6. c4 e6 7. a3 a5 8. b3 Bd6 9. Bb2 0-0 10. 0-0 Qe7 11. h3 Bh5 12. Nd4 Rfc8 13. f4 Bc5 14. Kh2 Re8 15. N4f3 Bd6 16. Ne5 Bc5 17. Qe1 Nxe5 18. fxe5 Nd7 19. d4 Bb6 20. cxd5 cxd5 21. e4 f6 22. exd5 fxe5 23. dxe5 exd5 24. Bxd5+ Kh8 25. Bxb7 Rad8 26. Bc6 Nc5 27. Nc4 Nd3 28. Bxe8 Nxe1 29. Bxh5 Qg5 30. Be2 Nc2 31. Bc1 Be3 32. Nd6 Qe7 33. Ra2 Rxd6 34. exd6 Qe8 35. Rxc2 Bxc1 1-0

[Event "LIB-chT"]
[Site "Beirut"]
[Date "2025.01.12"]
[Round "4.2"]
[White "Assoum, Nour"]
[Black "Braidy, Mohamad"]
[Result "1-0"]
[WhiteElo "1688"]
[BlackElo "1725"]
[PlyCount "55"]
[EventDate "2025.01.09"]
[EventType "team-tourn"]
[EventRounds "9"]
[EventCountry "LBN"]
[SourceTitle "CB12_2025"]
[SourceDate "2025.03.19"]
[SourceVersion "1"]
[SourceVersionDate "2025.03.19"]
[SourceQuality "1"]
[WhiteTeam "Al Wifak"]
[BlackTeam "Sanabel"]
[WhiteTeamCountry "LBN"]
[BlackTeamCountry "LBN"]

1. e4 d6 2. d4 Nf6 3. Nc3 Nbd7 4. f4 e5 5. Nf3 exd4 6. Qxd4 c6 7. Be3 d5 8. 0-0-0 Bc5 9. Qd2 Bb4 10. Qd4 Bxc3 11. Qxc3 dxe4 12. Re1 0-0 13. Nd2 Nd5 14. Qd4 f5 15. Bc4 N7f6 16. h3 h5 17. Reg1 h4 18. g4 hxg3 19. Rxg3 b5 20. Bxd5+ Qxd5 21. Rhg1 Rf7 22. Qc3 Qd8 23. Bd4 Kh7 24. Rg5 Bd7 25. Bxf6 Rxf6 26. Rxg7+ Kh6 27. Rxd7 Qf8 28. Qg3 1-0